The cathedral folk /

Bibliographic Details
Main Author: Leskov, N. S. (Nikolaĭ Semenovich), 1831-1895
Other Authors: Hapgood, Isabel Florence, 1850-1928 (Translator)
Format: Book
Language:English
Published: New York : A. A. Knopf, 1924.

MARC

Tag First Indicator Second Indicator Subfields
LEADER 00000cam a2200000I 4500
001 in00001707821
005 20151024163950.0
008 741004s1924 nyu 000 0 engxu
010 |a  24002326  
019 |a 2924139 
035 |a (OCoLC)ocm01029921 
040 |c AKR  |d OCL  |d UtOrBLW 
041 1 |a eng  |h rus 
049 |a TXAM  |c [155475] 
050 0 0 |a PZ3.L5647  |b Cat  |a PG3337.L5 
082 0 |a 891.7/3/3 
090 |a PG3337.  |b L5 
100 1 |a Leskov, N. S.  |q (Nikolaĭ Semenovich),  |d 1831-1895. 
240 1 0 |a Sobori︠a︡ne.  |l English 
245 1 4 |a The cathedral folk /  |c translated from the Russian of Nicolai Lyeskov, by Isabel F. Hapgood. 
264 1 |a New York :  |b A. A. Knopf,  |c 1924. 
300 |a 439 pages ;  |c 20 cm. 
336 |a text  |b txt  |2 rdacontent 
337 |a unmediated  |b n  |2 rdamedia 
338 |a volume  |b nc  |2 rdacarrier 
500 |a Translation of Sobori︠a︡ne (romanized form) 
700 1 |a Hapgood, Isabel Florence,  |d 1850-1928,  |e translator. 
994 |a E0  |b TXA 
999 |a MARS 
999 f f |s 6a077633-2a9b-3889-b125-7545d52fc0a2  |i 00aa70b6-b1ff-3df4-a9c5-b50cce9be3cf  |t 0 
952 f f |p ric  |a Texas A&M University  |b Rellis Campus  |c Joint Library Facility  |s JLF  |d Remote Storage  |t 0  |e PG3337. L5  |h Library of Congress classification  |i unmediated -- volume  |m A14801395950 
998 f f |a PG3337. L5  |t 0  |l Remote Storage